| 000 | 01008nam a22003017a 4500 | ||
|---|---|---|---|
| 001 | 4801 | ||
| 003 | FISKH | ||
| 005 | 20241014144710.0 | ||
| 008 | 241014b cb ||||| |||| 00| 0 eng d | ||
| 020 | _a9781575054544 | ||
| 040 |
_aFISKH _beng _cFISKH _dFISKH |
||
| 050 | _aPZ7.R1743 | ||
| 082 | _a372.412 | ||
| 100 |
_aF.Ransom, Candice _d(1952-) |
||
| 245 |
_aDanger at sand cave / _cby Candice F.Ransom illustration by Den Schofield |
||
| 250 | _a2000 | ||
| 260 |
_aNew York : _bMillbrook Press, _c2000. |
||
| 300 |
_a46 pages : _bColor illustrations ; _c22cm |
||
| 505 | _aL | ||
| 520 | _aWhen his friend, Floyd Collins, becomes trapped in a cave in Kentucky in 1925, ten-year-old Arly places himself in great danger while trying to help with the rescue operation. | ||
| 521 | 8 |
_a520L
_bLexile |
|
| 521 | 8 |
_aL
_bRaz-Plus |
|
| 650 |
_2Adventure _aCaves |
||
| 650 |
_2On My Own History _aPaperback fiction |
||
| 700 |
_aSchofield, Den _dIllustrator |
||
| 942 |
_2ddc _cBK _n0 |
||
| 999 |
_c4801 _d4801 |
||